000 00795nam a2200241 a 4500
005 20210223130650.0
008 080930s1979 mx r 000 0 spa d
035 _aUPN01000161555
049 _aUNE
080 _a372.3.02 (540) =20 VAG No.9
100 1 _aVagh, Anutai
245 1 0 _aHow to run a Balwadi :
_bsample of a do-it- your self guide-book /
_cAnutai Vagh; tr. Krishnabai Mote.
260 _aParis :
_bUNESCO;
_bUNICEF,
_c1979.
300 _a18 (4) p.
440 0 _aNotes, Comments...;
_v9.
690 _aEducacion preescolar- Guia del docente- India
690 _aGuia del docente- Educacion preescolar- India
690 _aIndia- Educacion preescolar- Guia del docente
700 1 _aMote, Krishnabai, tr.
710 2 _aUNICEF
_924085
710 2 _aUNESCO
905 _aUNESCO
999 _c133668
_d133668